La lengua y la literatura / (Record no. 186384)
[ view plain ]
| 000 -LEADER | |
|---|---|
| campo de control de longitud fija | 01799nam a2200313 i 4500 |
| 001 - NÚMERO DE CONTROL | |
| campo de control | 186384 |
| 003 - IDENTIFICADOR DE NÚMERO DE CONTROL | |
| campo de control | ES-MaACL |
| 005 - FECHA Y HORA DE LA ÚLTIMA TRANSACCIÓN | |
| campo de control | 20250920063116.0 |
| 008 - DATOS DE LONGITUD FIJA--INFORMACIÓN GENERAL | |
| campo de control de longitud fija | 161103s1928 sp a |||| | spa d |
| 080 ## - NÚMERO DE LA CLASIFICACIÓN DECIMAL UNIVERSAL | |
| Número de la Clasificación Decimal Universal | 821.134.2.09 |
| 100 1# - ENTRADA PRINCIPAL--NOMBRE DE PERSONA | |
| Nombre de persona | Nervo, Amado, |
| Fechas asociadas al nombre | 1870-1919 |
| 9 (RLIN) | 85404 |
| 245 13 - MENCIÓN DEL TÍTULO | |
| Título | La lengua y la literatura / |
| Mención de responsabilidad, etc. | Amado Nervo ; [texto al cuidado de Alfonso Reyes ; ilustraciones de Marco]. |
| 260 ## - PUBLICACIÓN, DISTRIBUCIÓN, ETC. | |
| Lugar de publicación, distribución, etc. | Madrid : |
| Nombre del editor, distribuidor, etc. | Biblioteca Nueva, |
| Fecha de publicación, distribución, etc. | [1928] |
| 300 ## - DESCRIPCIÓN FÍSICA | |
| Extensión | 2 v. (305, 317 p.) : |
| Otras características físicas | il. ; |
| Dimensiones | 19 cm. |
| 490 1# - MENCIÓN DE SERIE | |
| Mención de serie | Obras completas de Amado Nervo ; |
| Designación de volumen o secuencia | 22-23 |
| 500 ## - NOTA GENERAL | |
| Nota general | Referencias al Ateneo de Madrid: Primera parte, p. 55-65: Bernardo G. de Candamo, secretario primero de la Sección de Literatura (referencias sobre su trabajo "Opiniones literarias"); p. 159-163: Emilia Pardo Bazán, presidenta de la Sección Literaria del Ateneo, que ha organizado las llamadas "conferencias autocríticas"; p. 264: Veladas líricas. |
| 500 ## - NOTA GENERAL | |
| Nota general | Referencias al Ateneo de Madrid: Segunda parte, p. 30 y 267: Velada del 4 de noviembre con la infanta Paz y constitución de "La Academia de la Poesía Española" |
| 596 ## - NOTA AL PIE DE IMPRENTA | |
| NOTA AL PIE DE IMPRENTA | Ejemp. numerados n. 0006 y 2233. |
| 610 24 - PUNTO DE ACCESO ADICIONAL DE MATERIA--NOMBRE DE ENTIDAD CORPORATIVA | |
| Nombre de entidad corporativa o nombre de jurisdicción como elemento de entrada | Ateneo de Madrid- |
| Subdivisión de forma | Historia- |
| -- | Relatos personales |
| 9 (RLIN) | 1926 |
| 610 24 - PUNTO DE ACCESO ADICIONAL DE MATERIA--NOMBRE DE ENTIDAD CORPORATIVA | |
| Nombre de entidad corporativa o nombre de jurisdicción como elemento de entrada | Ateneo de Madrid. |
| Unidad subordinada | Sección de Literatura. |
| 9 (RLIN) | 1997 |
| 650 07 - PUNTO DE ACCESO ADICIONAL DE MATERIA--TÉRMINO DE MATERIA | |
| Término de materia o nombre geográfico como elemento de entrada | Lengua española |
| Fuente del encabezamiento o término | embne |
| 9 (RLIN) | 14115 |
| 650 #4 - PUNTO DE ACCESO ADICIONAL DE MATERIA--TÉRMINO DE MATERIA | |
| Término de materia o nombre geográfico como elemento de entrada | Literatura española- |
| Subdivisión general | Historia y crítica |
| 9 (RLIN) | 14560 |
| 700 1# - ENTRADA AGREGADA--NOMBRE PERSONAL | |
| Nombre de persona | Reyes, Alfonso, |
| Fechas asociadas al nombre | 1889-1959 |
| 9 (RLIN) | 96554 |
| 700 1# - ENTRADA AGREGADA--NOMBRE PERSONAL | |
| Nombre de persona | Marco, Fernando. |
| 9 (RLIN) | 76462 |
| 700 1# - ENTRADA AGREGADA--NOMBRE PERSONAL | |
| Nombre de persona | Candamo, Bernardo G. de, |
| Fechas asociadas al nombre | 1881-1967 |
| 9 (RLIN) | 34440 |
| 830 0# - PUNTO DE ACCESO ADICIONAL DE SERIE-TÍTULO UNIFORME | |
| Título uniforme | Obras completas de Amado Nervo ; |
| Designación de volumen o secuencia | 22-23 |
| 9 (RLIN) | 181423 |
| 852 ## - LOCALIZACIÓN | |
| Ubicación | ES-MaACL |
| Número de control de estantería | A-5052-53 |
| Nota libre | - Enc. tela roja Calleja |
| -- | . - Donat. de la Junta de Intercambio y Adquisición de Libros para Bibliotecas Públicas |
| Estatus retirado | Estado de pérdida | Estado de daño | No para préstamo | Colección | Biblioteca de origen | Biblioteca actual | Ubicación en estantería | Fecha de adquisición | Fuente de adquisición | Total de préstamos | Signatura topográfica completa | Código de barras | Visto por última vez | Precio de reemplazo | Tipo de ítem Koha |
|---|---|---|---|---|---|---|---|---|---|---|---|---|---|---|---|
| Fondo Ateneo de Madrid | Biblioteca del Ateneo de Madrid | Biblioteca del Ateneo de Madrid | Sala Pecera Planta 1 | 03/11/2016 | A-5052-53 | 1196541 | 23/02/2023 | 23/02/2023 | Libro impreso |
